| 000 | 00320nam a22001217a 4500 | ||
|---|---|---|---|
| 020 | _a3-540-11792-X | ||
| 082 | _a621.366 BRE'H | ||
| 100 |
_aFILL, E,WITTE, K. J,BREDERLOW, G _974133 |
||
| 245 | _aTHE HIGH POWER IODINE LASER WITH 46 FIGURES | ||
| 260 |
_aNEWYORK _bSPRINGER VERLAG _c1983 |
||
| 300 | _a182P | ||
| 942 | _cBK | ||
| 999 |
_c579703 _d579703 |
||